00485nam a22001697a 45000010005000000030009000050050017000140070005000310080048000360200018000840400022001021000022001242450078001462600041002243000021002657000029002860074DO-SdBNP20171214101400.00074151118b ag 1994 xxu||||| |||| 00| 0 spa d a9780060951559 aBPMSUbspacBPMSU10aCastaneda, Carlos13aEl arte de ensoñar /cCarlos Castaneda ; traducción Nayely Tycho Thal aBuenos Aires :bHarperlibros,c1994. a296 p. :c20 cm.10aTycho Thal, Nayely,etr.